Eskişehir Sanayi Odası'nın 10 yılı ve Mümtaz Zeytinoğlu (Record no. 6884)

MARC details
000 -BAŞLIK
Sabit Uzunlukta Kontrol Alanı 00909na a2200277 4500
001 - KONTROL NUMARASI
Denetim Alanı 15028
003 - KONTROL NUMARASI IDENTIFIER
Denetim Alanı MIRAKIL
005 - SON İŞLEM TARİHİ VE ZAMANI
Denetim Alanı 20181213155122.0
008 - SABİT-BOY VERİ ELEMANLARI - GENEL BİLGİLER
Sabit Uzunlukta Kontrol Alanı 161102b tu 000 0
035 ## - SİSTEM KONTROL NUMARASI
Sistem Kontrol Numarası 15028
040 ## - KATALOGLAMA KAYNAK
Orijinal Kataloglama Ajansı Milas
Kataloglama Dili tur
Metne Dönüştürmek Ajansı TR-AnCHP
041 ## - DİL KODU
Metin / Ses Parça Veya Ayrı Başlığın Dil Kodu tur
082 ## - DEWEY ONLU SINIFLANDIRMA NUMARASI
Sınıflandırma Numarası 338.76
Ürün Numarası Z39e 1981
090 ## - SINIFLAMA NUMARASI
Sınıflama Numarası 338.76 Z39e 1981
100 ## - ANA GİRİŞ - KİŞİSEL İSİM
Kişisel Ad Zeytinoğlu, Mümtaz
Bir Adıyla İlişkilendirilen Tarihler 192? - 1979
222 ## - ANAHTAR ADI
Anahtar Başlık Mümtaz Zeytinoğlu
245 ## - BAŞLIK TABLOSU
Başlık Eskişehir Sanayi Odası'nın 10 yılı ve Mümtaz Zeytinoğlu
Sorumluluk Tablosu, Vb Mümtaz Zeytinoğlu
260 ## - YAYIN, DAĞITIM, VB
Yayın, Dağıtım, Vb Yeri İstanbul
Yayıncı, Dağıtıcı, Vs Adı Eskişehir Sanayi Odası
Yayın, Dağıtım, Vb Tarihi 1981
300 ## - FİZİKSEL TANIM
Kapsam xvı, 487 s.
Boyutlar 24 sm.
490 ## - SERİSİ TABLOSU
Seri Beyanı Eskişehir Sanayi Odası yayınları
Hacim / Ardışık Tanımı 18
600 ## - KONU KATMA GİRİŞ - KURUMSAL ADI
Kişisel Ad Zeytinoğlu, Mümtaz
Bir Adıyla İlişkilendirilen Tarihler 192? - 1979
Genel Alt Bölümü Armağan kitaplar
610 ## - KONU KATMA GİRİŞ - TOPLANTI ADI
Giriş Elemanı Olarak Kurumsal Ad Veya Yargı Alanı Adı Eskişehir Sanayi Odası
Genel Alt Bölüm Tarihçe
650 ## - KONU KATMA GİRİŞ - TOPİKAL DÖNEM
Topikal Süreli Veya Coğrafi Ad Giriş Elemanı Sanayi
Coğrafi Alt Bölümü Eskişehir
650 ## - KONU KATMA GİRİŞ - TOPİKAL DÖNEM
Topikal Süreli Veya Coğrafi Ad Giriş Elemanı Sanayiciler
Genel Alt Bölümü Siyasal ve sosyal görüşler
Coğrafi Alt Bölümü Eskişehir
942 ## - EKLENDİ GİRİŞ ELEMANLARI (KOHA)
Sınıflandırma Veya Raf Düzeni Kaynak
Koha Öğesi Türü Books
999 ## - SİSTEM KONTROL NUMARALARI (KOHA)
Koha Biblionumber 6884
Koha Biblioitemnumber 6884
Holdings
Kalıcı Konum Mevcut Konum Edinme Tarihi Edinim Kaynak Toplam Check-Out'Lar Tam Çağrı Numarası Barkod Tarih Son Görülme İtibaren Geçerli Fiyatlar Koha Öğesi Türü
CHP Kütüphanesi CHP Kütüphanesi 09/03/2016 Bağış   338.76 Z39e 1981 002858 09/03/2016 09/03/2016 Books